Najwięksi partnerzy handlowi - Republika Południowej Afryki - Statystyki

Ogólne statystyki
  • Ten quiz został rozwiązany 1 339 razy
  • Średni wynik to 18 z 24
Statystyki odpowiedzi
Eksport Import Kraj % Poprawnych
7,016 mld 4,44 mld Stany Zjednoczone
100%
11,3 mld 14,3 mld Chiny
99%
1,06 mld Brazylia
94%
1,57 mld Francja
93%
3,28 mld 3,6 mld Indie
93%
7,07 mld 6,29 mld Niemcy
92%
1,48 mld Hiszpania
91%
4,23 mld 1,7 mld Wielka Brytania
91%
3,82 mld 1,91 mld Japonia
89%
1,76 mld Włochy
87%
1,39 mld Korea Południowa
75%
2,69 mld Arabia Saudyjska
74%
2,68 mld Namibia
68%
3,31 mld 1,29 mld Holandia
67%
3,3 mld Botswana
66%
3,09 mld Mozambik
65%
2,2 mld Nigeria
64%
2,22 mld Zimbabwe
64%
1,71 mld Zambia
63%
2,41 mld Belgia
61%
1,54 mld 1,21 mld Zjednoczone Emiraty Arabskie
55%
1,17 mld 1,1 mld Eswatini
54%
2,15 mld Tajlandia
46%
0,96 mld Szwajcaria
39%
Nie znaleziono quizów pasujących do podanych kryteriów
Rozkład punktacji
Procent ludzi z każdym wynikiem
Percentyl według liczby udzielonych odpowiedzi
Twoja historia wyników
Nie rozwiązałeś tego quizu